Tam quốc diễn nghĩa liên hoàn hoạ : Truyện tranh Tập 54 : Tư Mã Ý đoạt quyền
Tập "Tư Mã Ý đoạt quyền" kể lại chuyện Tư Mã Ý sau khi bị đại tướng quân nhà Ngụy là Tào Sảng đoạt mất binh quyền đã giả bệnh khiến Sảng không nghi ngờ gì nữa. Lợi dụng lúc Tào Sảng rời khỏi kinh đô, Tư Mã Ý làm binh biến, đoạt...
Guardado en:
| Autor principal: | |
|---|---|
| Otros Autores: | , , |
| Formato: | Libro |
| Lenguaje: | Vietnamese |
| Publicado: |
H.
Văn học
2016
|
| Edición: | Tái bản lần thứ 1 |
| Materias: | |
| Etiquetas: |
Agregar Etiqueta
Sin Etiquetas, Sea el primero en etiquetar este registro!
|
| Thư viện lưu trữ: | Thư viện Trường Đại học Nam Cần Thơ |
|---|
| LEADER | 01636nam a22002537a 4500 | ||
|---|---|---|---|
| 001 | NCT_4_021443 | ||
| 008 | 250526b xxu||||| |||| 00| 0 vie d | ||
| 999 | |c 9045 |d 9045 | ||
| 020 | |a 9786046975458 |c 11500 | ||
| 082 | 0 | 4 | |2 23rd ed. |a 895.1 |b Tr513/T.54 |
| 100 | 1 | |a La Quán Trung | |
| 245 | 1 | 0 | |a Tam quốc diễn nghĩa liên hoàn hoạ : |b Truyện tranh |n Tập 54 : |p Tư Mã Ý đoạt quyền |c La Quán Trung (Nguyên tác) ; Điền Y (Lời) ; Phùng Mặc Nông (Tranh) ; Trần Đình Chiến (Dịch) |
| 250 | |a Tái bản lần thứ 1 | ||
| 260 | |a H. |b Văn học |c 2016 | ||
| 300 | |a 116 tr. |b Minh họa |c 16 x 12cm | ||
| 500 | |a Đông A biên chỉnh theo bản Tam quốc diễn nghĩa do Phan Kế Bính dịch, Bùi Kỷ hiệu đính, Nxb. Phổ thông, 1959-1960 | ||
| 520 | 3 | |a Tập "Tư Mã Ý đoạt quyền" kể lại chuyện Tư Mã Ý sau khi bị đại tướng quân nhà Ngụy là Tào Sảng đoạt mất binh quyền đã giả bệnh khiến Sảng không nghi ngờ gì nữa. Lợi dụng lúc Tào Sảng rời khỏi kinh đô, Tư Mã Ý làm binh biến, đoạt lấy đại quyền | |
| 653 | |a Tham khảo | ||
| 700 | 1 | |a Điền Y |e Lời | |
| 700 | 1 | |a Phùng Mặc Nông |e Tranh | |
| 700 | 1 | |a Trần Đình Chiến |e Dịch | |
| 942 | |2 ddc |c BK | ||
| 952 | |0 0 |1 0 |2 ddc |4 0 |6 895_100000000000000_TR513_T_54 |7 0 |9 30853 |a 000001 |b 000001 |d 2025-05-26 |o 895.1 Tr513/T.54 |p TK.05549 |r 2025-05-26 |v 11500.00 |w 2025-05-26 |y BK | ||
| 980 | |a Thư viện Trường Đại học Nam Cần Thơ | ||


